Lecturas de Bizancio : (Registro nro. 193096)

Detalles MARC
000 -LEADER
campo de control de longitud fija 01952nam a2200469 i 4500
001 - NÚMERO DE CONTROL
campo de control 193096
003 - IDENTIFICADOR DE NÚMERO DE CONTROL
campo de control SpMaBN
005 - FECHA Y HORA DE LA ÚLTIMA TRANSACCIÓN
campo de control 20251121165457.0
007 - CAMPO FIJO DE DESCRIPCIÓN FÍSICA--INFORMACIÓN GENERAL
campo de control de longitud fija ta
008 - DATOS DE LONGITUD FIJA--INFORMACIÓN GENERAL
campo de control de longitud fija 230727s2008 sp a | ||||o000 0 spa
015 ## - NÚMERO DE BIBLIOGRAFÍA NACIONAL
Número de bibliografía nacional MON08
017 ## - NÚMERO DE COPYRIGHT O DE DEPÓSITO LEGAL
Número de copyright o de depósito legal M 40989-2008
Agencia que asigna Oficina Depósito Legal Madrid
020 ## - NÚMERO INTERNACIONAL ESTÁNDAR DEL LIBRO
Número Internacional Estándar del Libro 9788492462049
024 7# - IDENTIFICADOR DE OTROS ESTÁNDARES
Número estándar o código NIPO 552-08-021-9
Fuente del número o código nipo
035 ## - NÚMERO DE CONTROL DEL SISTEMA
Número de control de sistema (OCoLC)434063072
035 ## - NÚMERO DE CONTROL DEL SISTEMA
Número de control de sistema a4352945
040 ## - FUENTE DE CATALOGACIÓN
Centro catalogador/agencia de origen SpMaBN
Lengua de catalogación spa
Centro/agencia transcriptor SpMaBN
Normas de descripción rdc
Centro/agencia modificador ES-MaACL
080 ## - NÚMERO DE LA CLASIFICACIÓN DECIMAL UNIVERSAL
Número de la Clasificación Decimal Universal 091
Identificador de la edición summary
080 ## - NÚMERO DE LA CLASIFICACIÓN DECIMAL UNIVERSAL
Número de la Clasificación Decimal Universal 016:091=14
245 00 - MENCIÓN DEL TÍTULO
Título Lecturas de Bizancio :
Resto del título el legado escrito de Grecia en España : [Madrid,15 de septiembre a 16 de noviembre de 2008] /
Mención de responsabilidad, etc. [comisarios de la exposición, Miguel Cortés Arrese, Inmaculada Pérez Martín]
260 ## - PUBLICACIÓN, DISTRIBUCIÓN, ETC.
Lugar de publicación, distribución, etc. [Madrid] :
Nombre del editor, distribuidor, etc. Biblioteca Nacional,
Fecha de publicación, distribución, etc. 2008
300 ## - DESCRIPCIÓN FÍSICA
Extensión 242 p. :
Otras características físicas il. col. y n. ;
Dimensiones 21 x 28 cm
336 ## - TIPO DE CONTENIDO
Fuente rdacontent
Término de tipo de contenido Texto
337 ## - TIPO DE MEDIO
Fuente rdamedia
Nombre/término del tipo de medio sin mediación
338 ## - TIPO DE SOPORTE
Fuente rdacarrier
Nombre/término del tipo de soporte volumen
500 ## - NOTA GENERAL
Nota general Exposición celebrada con motivo del VII Coloquio Internacional de Paleografía Griega
500 ## - NOTA GENERAL
Nota general Catalogación provisional. Signatura: N 8572. Depósito J.
504 ## - NOTA DE BIBLIOGRAFÍA, ETC.
Nota de bibliografía, etc. Bibliografía: p. 219-238
650 #7 - PUNTO DE ACCESO ADICIONAL DE MATERIA--TÉRMINO DE MATERIA
Término de materia o nombre geográfico como elemento de entrada Manuscritos griegos
Subdivisión de forma Exposiciones
Fuente del encabezamiento o término embne
9 (RLIN) 233940
655 #7 - TERMINO DE INDIZACIÓN--GENERO/FORMA
9 (RLIN) 193628
Datos o término principal de género/forma Catálogos de exposiciones
700 ## - ENTRADA AGREGADA--NOMBRE PERSONAL
Nombre de persona Cortés Arrese, Miguel,
Fechas asociadas al nombre 1951-
9 (RLIN) 233941
700 0# - ENTRADA AGREGADA--NOMBRE PERSONAL
Nombre de persona Pérez Martín, Inmaculada
9 (RLIN) 91003
710 2# - ENTRADA AGREGADA--NOMBRE DE ENTIDAD CORPORATIVA
Nombre de entidad corporativa o nombre de jurisdicción como elemento de entrada Biblioteca Nacional (España)
9 (RLIN) 2188
711 2# - ENTRADA AGREGADA--NOMBRE DE REUNIÓN
Nombre de congreso/reunión o jurisdicción como elemento de entrada Coloquio Internacional de Paleografía Griega
Número del congreso/reunión o número de parte o sección (7º.
Fecha del congreso o de la firma del tratado 2008.
Sede del congreso/Lugar de la reunión Madrid)
9 (RLIN) 233942
852 ## - LOCALIZACIÓN
Ubicación ES-MaACL
itemnumber 200404
Sublocalización o colección R.153396
Número de control de estantería N-8572
Ubicación en estantería Depósito J
Donativo/Legado Donación: Biblioteca Nacional de España
Nota libre En proceso
914 ## - NOMBRE ENTIDAD DE DONANTE
Nombre de congreso/reunión o jurisdicción como elemento de entrada Biblioteca Nacional (España)
Unidad subordinada Donante
RLIN 2188
942 ## - ELEMENTOS DE ENTRADA SECUNDARIOS (KOHA)
Suprimir en OPAC No
Tipo de ítem Koha Libro impreso
Existencias
Estatus retirado Estado de pérdida Fuente del sistema de clasificación o colocación Estado de daño No para préstamo Biblioteca de origen Biblioteca actual Ubicación en estantería Fecha de adquisición Fuente de adquisición Total de préstamos Signatura topográfica completa Código de barras Visto por última vez Precio de reemplazo Tipo de ítem Koha
    Clasificación decimal universal     Biblioteca del Ateneo de Madrid Biblioteca del Ateneo de Madrid Depósito J 02/06/2022 Donación   N-8572 101205697 27/07/2023 27/07/2023 Libro impreso